Men and the emergence of polite society, Britain, 1660-1800
Αποθηκεύτηκε σε:
| Κύριος συγγραφέας: | |
|---|---|
| Μορφή: | Βιβλίο |
| Γλώσσα: | English |
| Δημοσίευση: |
Harlow, England :
Pearson Education,
2001
|
| Σειρά: | Women and men in history
|
| Θέματα: | |
| Ετικέτες: |
Προσθήκη ετικέτας
Δεν υπάρχουν, Καταχωρήστε ετικέτα πρώτοι!
|
MARC
| LEADER | 00000cam a2200000 i 4500 | ||
|---|---|---|---|
| 001 | 1/4807 | ||
| 008 | 100223s2001 eng d | ||
| 020 | |a 0-582-31987-0 (pbk.) | ||
| 035 | |l 10106932 | ||
| 040 | |a GR-MY-UA |b gre |e aacr | ||
| 041 | 0 | |a eng | |
| 082 | 0 | |a 305.31094 |2 (22) | |
| 100 | 1 | |a Carter, Philip. | |
| 245 | 1 | 0 | |a Men and the emergence of polite society, Britain, 1660-1800 / |c Philip Carter |
| 260 | |a Harlow, England : |b Pearson Education, |c 2001 | ||
| 300 | |a viii, 232 σ.; |b εικ.; |c 24 εκ. | ||
| 490 | 1 | |a Women and men in history | |
| 504 | |a Βιβλιογραφία: σ. 218-225 | ||
| 504 | |a Ευρετήριο: σ. 227-232 | ||
| 650 | 0 | 0 | |a Men |z Europe |x History. |
| 650 | 0 | 0 | |a Masculinity |z Europe |x History. |
| 650 | 0 | 0 | |a Courtesy |z Europe |x History. |
| 650 | 0 | 0 | |a Etiquette |z Europe |x History. |
| 651 | 0 | |a Europe |x Social life and customs. | |
| 830 | 0 | |a Women and men in history | |
| 852 | |a INST |b LESVOS |e 20100223 |h 305.31094 CAR |p 005100046113 |q 005100046113 |t BK |y 0 | ||
| 901 | |a BIBL1-2010-1 | ||
| 909 | |a Λ |b 162878 | ||
| 970 | |a ΚΑΡΑ |b ΓΙΑΣΕΜΗ |z 2010/02/23 | ||